| 000 | 00906nam a2200229Ia 4500 | ||
|---|---|---|---|
| 999 |
_c41671 _d41671 |
||
| 001 | 8345 | ||
| 003 | GE_BSU | ||
| 005 | 20240820135741.0 | ||
| 008 | 181216s2013||||ge |||||||||||||| ||geo|| | ||
| 020 | _a9789941060601 | ||
| 040 | _cGE_BSU | ||
| 041 | _ageo | ||
| 080 | _a635.1/.8(075.8) მ-98 | ||
| 100 |
_aმჭედლიძე, ილია _923092 |
||
| 245 |
_aმებოსტნეობა : _bსახელმძღვ. სახელობო პროფ. სწავლების სტუდენტებისათვის / _c ილია მჭედლიძე. |
||
| 250 | _aმე-2 გამოცემა | ||
| 264 |
_aთბილისი : _b[გ.გ.], _c2013. |
||
| 300 |
_a200 გვ. : _bილ. , ცხრ. ; _c29 სმ. |
||
| 653 | _aმებოსტნეობა | ||
| 653 | _aსახელმძღვანელოები | ||
| 942 |
_cBK _2udc |
||